000 00189 a2200109 4500
020 _a978055351154
041 _aspa
100 _aLiz Wogn
245 _aCuacua
942 _cBK
952 _71
999 _c23068
_d23068